01878nam a2200277 a 450000100100000000500170001000800410002702000150006804000250008308200160010824501120012424600340023626000720027030000230034250504810036570000420084670000340088870000560092271000720097895201070105095201070115795201070126495201070137195201070147899900150158500000737920200929154141.0090908s2001 dr 000 0 spa d a8400079442 aDO-SdBNPbspacBNPHU axxxxbxxxxx10aArchivo gomá, documentos de la guerra civil : /cedición de José Andrés-Gallego y Antón M. Pazos.14aDocumentos de la Guerra Civil aMadrid :bConsejo Superior de Investigaciones Científicas,c2001. a589 p. : ;c24 cm.0 t1 Julio-diciembre de 1936 / con la colaboración de Carlos Carrascal del Solar y José Manuel Martínez Jiméne --t2 Enero de 1937 / con la colaboración de Santiago María Barroso Sánchez-Lafuente --t3 Febrero de 1937 / con la colaboración de Santiago María Barroso Sánchez-Lafuente --t4 marzo de 1937/con la colaboración de José Andrés-Gallego, Antón M. Pozost5 Abril-Mayo 1937 /con la colaboración de de José Andrés-Gallego, Antón M. Pozos1 aAndrés-Gallego, José,eed.9205121 aPazos, Antón M.eed.9205131 aBarroso Sánchez-Lafuente, Santiago María9205142 aConsejo Superior de Investigaciones Científicas (España)915178 0010718PDaGRbGRcCTd2009-09-08iLF1l0ov. 1p7379-10r2020-06-25w2020-06-25yLFPDZNo se presta 0010718PDaGRbGRcCTd2011-03-23iLF1l0ov. 3p7379-20r2020-06-25w2020-06-25yLFPDZNo se presta 0010718PDaGRbGRcCTd2011-03-23iLF1l0ov. 4p7379-30r2020-06-25w2020-06-25yLFPDZNo se presta 0010718PDaGRbGRcCTd2011-03-23iLF1l0ov. 5p7379-40r2020-06-25w2020-06-25yLFPDZNo se presta 0010718PDaGRbGRcCTd2013-07-19iLF1l0ov. 2p7379-50r2020-06-25w2020-06-25yLFPDZNo se presta c7160d7160